| 000 | 00359nab a22001097u 4500 | ||
|---|---|---|---|
| 008 | 130520b1994 xxu||||| |||| 00| 0 eng d | ||
| 041 | _aeng | ||
| 100 | 1 |
_aVerstraeten, Johan _947774 |
|
| 245 | 0 | 0 |
_aNarrativity and Hermeneutics in Applied Ethics _cJohan Verstraeten |
| 773 | 0 |
_tEthical Perspectives _gV.1, nº2,1994,págs. 51-56 _x1370-0049 _wRev202 |
|
| 942 | _cAR | ||
| 999 |
_c299598 _d299598 |
||